000 00653nam a2200241Ia 4500
003 OSt
005 20220918190831.0
006 a|||||r|||| 00| 0
007 ta
008 220917b |||||||| |||| 00| 0 eng d
024 _a59,890
037 _cTextual
040 _aARTS
_cARTS
_beng
041 _2eng
_aeng
082 _aQ2:4x2,1, 112L0
100 _aYajna Valkya
_973891
245 0 _aDharamasastra tr into Dutch by Adolf Friedrich Stenzler
260 _aOsnabruck
_bBiblio
_c1970
300 _axii, 127p.
_ccm.
650 _aRELIGION
942 _hQ2:4x2,1, 112L0
_cTEXL
_2CC
999 _c186999
_d186999